000 00523nam a2200145Ia 4500
008 140724s9999 xx 000 0 und d
050 _aLB 1031
_b.T173 2014
100 _aTapnio, Ianne Pamela.
245 _aStudents' learning style preferences and teachers' instructional strategies of Creative Middle School /
_cIanne Pamela Tapnio.
260 _aLas PiƱas, Philippines :
_bSouthville International School and Colleges,
_cc2014.
300 _a93 p. :
_c28 cm.
521 _aPsychology
942 _cTH
999 _c229305
_d229305